| 000 | 00598nam a22002177a 4500 | ||
|---|---|---|---|
| 003 | OSt | ||
| 005 | 20251121112314.0 | ||
| 008 | 251121b |||||||| |||| 00| 0 eng d | ||
| 020 | _a9789386858160 | ||
| 040 | _cDDC | ||
| 082 | _a620 DAS 2018 | ||
| 100 |
_aDas, Braja M. ; Sobhan, Khaled _919525 |
||
| 245 | _aPrinciples of Geotechnical Engineering | ||
| 250 | _a9th ed. | ||
| 260 | _aAndover; Cengage, 2018 | ||
| 300 | _axxiii, 819p.; Ill: 24cm | ||
| 504 | _aReferences, Answers, & Index included | ||
| 650 |
_aGeotechnology _919524 |
||
| 650 |
_a Engineering _9373 |
||
| 942 |
_2ddc _cO_SHELF |
||
| 999 |
_c9594 _d9594 |
||